Single Soon-Selena Gomez (All Lyrics) - Statistics

General Stats
  • This quiz has been taken 17 times
  • The average score is 258 of 322
Answer Stats
Lyrics % Correct
a
100%
be
100%
do
100%
I
100%
In
100%
single
100%
soon,
100%
soon
100%
the
100%
I'll
92%
I'm
92%
on
92%
when
92%
Yeah
92%
yeah)
92%
Yeah,
92%
dress,
83%
know
83%
little
83%
of
83%
out
83%
shoes
83%
Should
83%
try
83%
tryin'
83%
We
83%
who
83%
'Cause
75%
his
75%
it
75%
mess
75%
not
75%
note
75%
phone?
75%
pickin'
75%
pocket
75%
this
75%
break
67%
But
67%
just
67%
leave
67%
news
67%
these
67%
And
58%
coat?
58%
don't
58%
if
58%
Maybe
58%
see
58%
stay
58%
to
58%
wanna
58%
wanna,
58%
well,
58%
Well,
58%
what
58%
all
50%
give
50%
had
50%
high
50%
late
50%
tear
50%
why
50%
young
50%
almost
42%
another
42%
both
42%
date
42%
disappear
42%
feelin'
42%
find
42%
he'll
42%
here
42%
lot
42%
maintenance
42%
next?
42%
(oh,
42%
reason
42%
Time
42%
worth
42%
(ah-
33%
ah)
33%
fun
33%
I'ma
33%
one
33%
weekend's
33%
who's
33%
Blame
25%
Might
25%
No matching quizzes found
Score Distribution
Percent of People with Each Score
Percentile by Number Answered
Your Score History
You have not taken this quiz